LDR 01189naa#a2200193#i#450# 001 RU\\bibl\113760 005 20260418223247.6 011 ## _a2071-7318 100 ## _a20260409b2026####ek#y0rusy0150####ca 102 ## _aRU 200 1# _aМЕТОДЫ ВЫЯВЛЕНИЯ ИДЕНТИЧНОСТИ ДЛЯ ЗАСТРОЕННЫХ И СВОБОДНЫХ ОТ ЗАСТРОЙКИ ТЕРРИТОРИЙ ЛЕНИНГРАДСКОЙ ОБЛАСТИ _eЖурнальная статья 210 1# _aБелгород _cБелгородский государственный технологический университет им. В.Г. Шухова _d2026 215 ## _a15 с. 608 ## _aЖурнальная статья _2local 675 ## _aПланировка в масштабе страны. Районная планировка.Градостроительство. Ландшафтная и садово-парковая архитектура. Преобразование ландшафта. 71 _aТеория, философия, эстетика архитектуры. 72.01 _z 700 #1 _aПерькова _gМ. В. 700 #1 _aВозняк _gЕ. Р. 700 #1 _aЛадик _gЕ. И. 856 4# _anaukaru.ru _u